[Event "HUN-chT2 Toth 1617"]
[Site "Hungary"]
[Date "2017.02.26"]
[Round "9.7"]
[White "Visnyei, Illes"]
[Black "Papp, Bence"]
[Result "1-0"]
[WhiteElo "1962"]
[BlackElo "1793"]
[PlyCount "111"]
[EventDate "2016.09.25"]
[EventType "team-tourn"]
[EventRounds "11"]
[EventCountry "HUN"]
[SourceTitle "EXT 2021"]
[Source "ChessBase"]
[SourceDate "2020.10.23"]
[SourceVersion "1"]
[SourceVersionDate "2020.10.23"]
[SourceQuality "1"]
[WhiteTeam "Bekes"]
[BlackTeam "Szeged Meritum"]
[WhiteTeamCountry "HUN"]
[BlackTeamCountry "HUN"]

1. e4 c5 2. Nf3 d6 3. d4 cxd4 4. Nxd4 Nf6 5. Nc3 a6 6. Bg5 e6 7. f4 Qb6 8. Nb3 h6 9. Bxf6 gxf6 10. Qf3 Nc6 11. 0-0-0 Bd7 12. g3 0-0-0 13. Bg2 h5 14. h3 Be7 15. Kb1 Na7 16. Nd4 Nc6 17. Nb3 Na7 18. Rd2 Nb5 19. Ne2 e5 20. c4 Nc7 21. f5 a5 22. Nc3 a4 23. Nc1 Qb4 24. Rc2 Kb8 25. Nd3 Qb6 26. a3 Qb3 27. Nb4 Bc6 28. Qf2 Rdg8 29. Bf3 Bd8 30. Ncd5 Bxd5 31. exd5 e4 32. Rc3 Qxc3 33. bxc3 exf3 34. Qxf3 h4 35. g4 Re8 36. Qf4 Re2 37. Qxd6 Rhe8 38. Nc2 R2e5 39. Qb4 Be7 40. Qxa4 Bc5 41. Rd1 Rd8 42. Qb3 Re2 43. Nd4 Bxd4 44. Rxd4 Re3 45. Qb6 Rde8 46. d6 Re1+ 47. Kc2 Na8 48. Qa5 b6 49. Qd5 R8e2+ 50. Rd2 Re5 51. Qxf7 Re8 52. d7 Rd8 53. Qxf6 Kc7 54. Qxh4 Re4 55. Qg3+ Kb7 56. Qg2 1-0

[Event "HUN-chT2 Toth 1617"]
[Site "Hungary"]
[Date "2016.11.13"]
[Round "4.8"]
[White "Visnyei, Illes"]
[Black "Molnar, Gabor1111"]
[Result "1/2-1/2"]
[WhiteElo "1962"]
[BlackElo "1957"]
[PlyCount "88"]
[EventDate "2016.09.25"]
[EventType "team-tourn"]
[EventRounds "11"]
[EventCountry "HUN"]
[SourceTitle "EXT 2021"]
[Source "ChessBase"]
[SourceDate "2020.10.23"]
[SourceVersion "1"]
[SourceVersionDate "2020.10.23"]
[SourceQuality "1"]
[WhiteTeam "Bekes"]
[BlackTeam "Mako Duocor II"]
[WhiteTeamCountry "HUN"]
[BlackTeamCountry "HUN"]

1. e4 d6 2. d4 Nf6 3. Nc3 e5 4. dxe5 dxe5 5. Qxd8+ Kxd8 6. Bg5 Be6 7. 0-0-0+ Kc8 8. a3 Nbd7 9. f3 Bc5 10. Nge2 h6 11. Bh4 c6 12. Kb1 b5 13. Nc1 g5 14. Bg3 Kc7 15. Nb3 Bxb3 16. cxb3 Nh5 17. Be1 Nf4 18. Ne2 Ne6 19. Bc3 Rhg8 20. Ng3 Ng7 21. Be2 f6 22. Rc1 a6 23. Bd2 Kb7 24. Rc2 Rac8 25. Rhc1 Bd4 26. b4 Nf8 27. Nf1 Nfe6 28. Be3 Bxe3 29. Nxe3 Nd4 30. Rd2 Kb6 31. Rcd1 Nge6 32. Ng4 Rg6 33. Ne3 Rgg8 34. Bf1 h5 35. h3 Rc7 36. Ka2 Ra8 37. Rd3 Rac8 38. Rc3 Rd8 39. b3 Rcd7 40. Rdc1 Rc7 41. a4 Ra8 42. a5+ Kb7 43. Kb2 Rd8 44. Rd1 Kc8 1/2-1/2

[Event "HUN-chT2 Toth 1516"]
[Site "Hungary"]
[Date "2016.04.03"]
[Round "10.8"]
[White "Nagy, Jozsef"]
[Black "Visnyei, Illes"]
[Result "1-0"]
[WhiteElo "1855"]
[BlackElo "1957"]
[PlyCount "119"]
[EventDate "2015.09.13"]
[EventType "team-tourn"]
[EventRounds "11"]
[EventCountry "HUN"]
[SourceTitle "EXT 2017"]
[Source "ChessBase"]
[SourceDate "2016.10.25"]
[SourceVersion "1"]
[SourceVersionDate "2016.10.25"]
[SourceQuality "1"]
[WhiteTeam "Felegyhaza Csongrad"]
[BlackTeam "Bekes"]
[WhiteTeamCountry "HUN"]
[BlackTeamCountry "HUN"]

1. d4 d5 2. Nf3 e6 3. Bf4 Nd7 4. e3 Ngf6 5. Nbd2 Be7 6. Ne5 Nxe5 7. Bxe5 0-0 8. c4 Nd7 9. Bg3 c6 10. Bd3 f5 11. Qc2 Nf6 12. f3 Bd6 13. Bxd6 Qxd6 14. 0-0 Bd7 15. Rae1 Rac8 16. c5 Qc7 17. f4 Be8 18. b4 h6 19. Nf3 Bh5 20. Ne5 Nd7 21. Nxd7 Qxd7 22. Rb1 g5 23. Rb2 gxf4 24. Rxf4 Qe7 25. b5 Rf7 26. Rf1 Rcf8 27. bxc6 bxc6 28. Ba6 Qg5 29. Rf4 Rg7 30. Rb7 Rff7 31. Rb8+ Rf8 32. Rxf8+ Kxf8 33. Qb2 Kg8 34. Qb8+ Kh7 35. g3 Qe7 36. Rf2 Bg4 37. Kg2 Bh5 38. Rb2 Qg5 39. Qf4 Qd8 40. Bd3 Bg6 41. Qb8 Qe7 42. Ba6 Qg5 43. Qe5 Bf7 44. Rb7 Qd8 45. Rc7 Qb8 46. Bb7 a5 47. a4 h5 48. h4 Kg6 49. Kf3 Kh7 50. Qd6 Qg8 51. Rc8 Be8 52. Bxc6 f4 53. Ke2 Rxg3 54. Qe7+ Kh6 55. Qf6+ Rg6 56. Qxf4+ Kh7 57. Bxe8 Rg2+ 58. Kd3 Qg7 59. Qf7 Qxf7 60. Bxf7 1-0

[Event "HUN-chT2 Toth 1516"]
[Site "Hungary"]
[Date "2016.03.20"]
[Round "9.7"]
[White "Gulyas, Zoltan"]
[Black "Visnyei, Illes"]
[Result "1/2-1/2"]
[WhiteElo "2048"]
[BlackElo "1957"]
[PlyCount "83"]
[EventDate "2015.09.13"]
[EventType "team-tourn"]
[EventRounds "11"]
[EventCountry "HUN"]
[SourceTitle "EXT 2017"]
[Source "ChessBase"]
[SourceDate "2016.10.25"]
[SourceVersion "1"]
[SourceVersionDate "2016.10.25"]
[SourceQuality "1"]
[WhiteTeam "Ujszasz"]
[BlackTeam "Bekes"]
[WhiteTeamCountry "HUN"]
[BlackTeamCountry "HUN"]

1. d4 d5 2. Nf3 e6 3. Bf4 Nd7 4. e3 Ne7 5. c4 c6 6. Nc3 Ng6 7. Bg3 f5 8. Bd3 Nf6 9. Ne5 Bd6 10. f4 Bxe5 11. fxe5 Ne4 12. Bxe4 dxe4 13. 0-0 0-0 14. b4 Bd7 15. a4 Qe7 16. Rb1 Rac8 17. a5 Qg5 18. Qe2 Be8 19. Qf2 h5 20. Bf4 Qe7 21. Qg3 Nxf4 22. exf4 h4 23. Qe3 Bf7 24. Na4 Rfe8 25. c5 a6 26. Nb6 Rc7 27. Nc4 Bh5 28. Nd6 Kh7 29. Rb3 Rg8 30. Qf2 Bg4 31. h3 Bh5 32. g4 hxg3 33. Rxg3 Qh4 34. Kh2 g6 35. Re3 Qxf2+ 36. Rxf2 Bf3 37. h4 Kg7 38. Kg3 Rh8 39. Rh2 Kf8 40. Rc3 Rch7 41. Rcc2 Bg4 42. Rc3 1/2-1/2

[Event "HUN-chT2 Toth 1516"]
[Site "Hungary"]
[Date "2016.02.28"]
[Round "8.7"]
[White "Visnyei, Illes"]
[Black "Egyed, Viktoria"]
[Result "1-0"]
[WhiteElo "1957"]
[BlackElo "1926"]
[PlyCount "67"]
[EventDate "2015.09.13"]
[EventType "team-tourn"]
[EventRounds "11"]
[EventCountry "HUN"]
[SourceTitle "EXT 2017"]
[Source "ChessBase"]
[SourceDate "2016.10.25"]
[SourceVersion "1"]
[SourceVersionDate "2016.10.25"]
[SourceQuality "1"]
[WhiteTeam "Bekes"]
[BlackTeam "Karcag"]
[WhiteTeamCountry "HUN"]
[BlackTeamCountry "HUN"]

1. d4 d5 2. e3 e6 3. Bd3 c5 4. c3 Nc6 5. f4 Nf6 6. Nf3 Be7 7. 0-0 0-0 8. Ne5 Qc7 9. Nd2 c4 10. Bc2 b5 11. a3 a5 12. e4 Bb7 13. Nxc6 Bxc6 14. e5 Nd7 15. Qh5 g6 16. Qh3 b4 17. Nf3 Qb6 18. Qg3 Rfb8 19. h4 bxc3 20. bxc3 a4 21. h5 Qa5 22. Nh2 Kg7 23. Ng4 Rb7 24. f5 exf5 25. Rxf5 Nf8 26. Nf6 Bd7 27. Nxd7 Rxd7 28. hxg6 hxg6 29. Rf3 Ne6 30. Rxf7+ Kxf7 31. Qxg6+ Kf8 32. Bh6+ Ng7 33. Bxg7+ Kg8 34. Bh6+ 1-0

[Event "HUN-chT2 Toth 1415"]
[Site "Hungary"]
[Date "2015.04.26"]
[Round "11.8"]
[White "Visnyei, Illes"]
[Black "Csipai, Levente"]
[Result "1-0"]
[WhiteElo "2002"]
[BlackElo "1878"]
[PlyCount "87"]
[EventDate "2014.09.07"]
[EventType "team-tourn"]
[EventRounds "11"]
[EventCountry "HUN"]
[SourceTitle "EXT 2016"]
[Source "ChessBase"]
[SourceDate "2015.10.08"]
[SourceVersion "1"]
[SourceVersionDate "2015.10.08"]
[SourceQuality "1"]
[WhiteTeam "Bekes"]
[BlackTeam "Szentes"]
[WhiteTeamCountry "HUN"]
[BlackTeamCountry "HUN"]

1. e4 d6 2. d4 g6 3. f4 Bg7 4. Nf3 Nf6 5. Bd3 0-0 6. c3 Nbd7 7. h3 c6 8. Be3 Qc7 9. Nbd2 e5 10. fxe5 dxe5 11. 0-0 Re8 12. Ng5 Nf8 13. dxe5 Qxe5 14. Nc4 Qe7 15. e5 Nd5 16. Rxf7 Qd8 17. Qf3 Nxe3 18. Qxe3 Bh6 19. h4 Bxg5 20. Rxf8+ Rxf8 21. hxg5 b5 22. Nd6 Qb6 23. Qxb6 axb6 24. a3 Bd7 25. Re1 Be6 26. Be4 Rac8 27. Nxc8 Rxc8 28. Rd1 Rc7 29. Rd6 Bd7 30. e6 Be8 31. Rd8 Kf8 32. Bf3 Ke7 33. Rb8 Ra7 34. Rxb6 Kd6 35. Rb8 Re7 36. Bg4 Kc7 37. Ra8 Kb6 38. b4 Kb7 39. Rd8 Kc7 40. Rd3 Kb6 41. Kf2 Kc7 42. Kf3 c5 43. Kf4 Bc6 44. Ke5 1-0

[Event "HUN-chT2 Toth 1415"]
[Site "Hungary"]
[Date "2015.01.25"]
[Round "7.8"]
[White "Visnyei, Illes"]
[Black "Bartos, Ferenc"]
[Result "0-1"]
[WhiteElo "2002"]
[BlackElo "1802"]
[PlyCount "106"]
[EventDate "2014.09.07"]
[EventType "team-tourn"]
[EventRounds "11"]
[EventCountry "HUN"]
[SourceTitle "EXT 2016"]
[Source "ChessBase"]
[SourceDate "2015.10.08"]
[SourceVersion "1"]
[SourceVersionDate "2015.10.08"]
[SourceQuality "1"]
[WhiteTeam "Bekes"]
[BlackTeam "Roszke"]
[WhiteTeamCountry "HUN"]
[BlackTeamCountry "HUN"]

1. e4 e5 2. c4 Nf6 3. Nc3 Bc5 4. d3 0-0 5. Bg5 h6 6. Bh4 c6 7. Qd2 Na6 8. Nf3 d6 9. h3 Bb4 10. a3 Bxc3 11. Qxc3 Nc5 12. g4 Ne6 13. 0-0-0 Bd7 14. Bg3 b5 15. Nd2 c5 16. f3 a5 17. h4 b4 18. Qb3 Nd4 19. Qa2 a4 20. Bf2 Nb3+ 21. Nxb3 axb3 22. Qa1 bxa3 23. bxa3 b2+ 24. Qxb2 Qa5 25. Be1 Qxa3 26. Bc3 Rfb8 27. Qxa3 Rxa3 28. Bb2 Rab3 29. Rd2 Ba4 30. Be2 R3b7 31. Rh2 Nd7 32. Bd1 Bxd1 33. Kxd1 Nb6 34. Rc2 Na4 35. Kc1 Rb3 36. Rcd2 Kf8 37. h5 Ke7 38. Rhf2 Kf6 39. f4 Nxb2 40. fxe5+ Kxe5 41. Rxb2 Rxb2 42. Rxb2 Rxb2 43. Kxb2 Kf4 44. Kc3 Kxg4 45. d4 Kf4 46. e5 cxd4+ 47. Kxd4 dxe5+ 48. Kd5 e4 49. c5 e3 50. c6 e2 51. c7 e1Q 52. c8Q Qd2+ 53. Kc6 Qc3+ 0-1

[Event "HUN-chT2 Toth 1415"]
[Site "Hungary"]
[Date "2014.09.21"]
[Round "2.9"]
[White "Moczo, Istvan"]
[Black "Visnyei, Illes"]
[Result "0-1"]
[WhiteElo "1916"]
[BlackElo "2002"]
[PlyCount "58"]
[EventDate "2014.09.07"]
[EventType "team-tourn"]
[EventRounds "11"]
[EventCountry "HUN"]
[SourceTitle "EXT 2016"]
[Source "ChessBase"]
[SourceDate "2015.10.08"]
[SourceVersion "1"]
[SourceVersionDate "2015.10.08"]
[SourceQuality "1"]
[WhiteTeam "Takisz"]
[BlackTeam "Bekes"]
[WhiteTeamCountry "HUN"]
[BlackTeamCountry "HUN"]

1. d4 d5 2. c4 e6 3. Nf3 Bd6 4. Nc3 c6 5. cxd5 exd5 6. Bg5 Qb6 7. Qd2 Bf5 8. e3 Nd7 9. Be2 Ngf6 10. 0-0 h6 11. Bf4 Bxf4 12. exf4 0-0 13. h3 Ne4 14. Nxe4 dxe4 15. Nh4 Bh7 16. g4 Rad8 17. Qc3 Nf6 18. g5 Nd5 19. Qg3 hxg5 20. Qxg5 Qxd4 21. b3 Qf6 22. Qxf6 Nxf6 23. f5 Rd2 24. Bg4 Rfd8 25. Rfe1 R8d3 26. f3 e3 27. Ng2 Nd5 28. h4 Kf8 29. h5 Ke7 0-1

[Event "HUN-chT2 Toth 1314"]
[Site "Hungary"]
[Date "2014.02.02"]
[Round "6.9"]
[White "Visnyei, Illes"]
[Black "Leszko, Bence"]
[Result "1-0"]
[WhiteElo "2037"]
[BlackElo "1722"]
[PlyCount "65"]
[EventDate "2013.09.08"]
[EventType "team-tourn"]
[EventRounds "11"]
[EventCountry "HUN"]
[SourceTitle "EXT 2016"]
[Source "ChessBase"]
[SourceDate "2015.10.08"]
[SourceVersion "1"]
[SourceVersionDate "2015.10.08"]
[SourceQuality "1"]
[WhiteTeam "Bekes"]
[BlackTeam "Oroshaza"]
[WhiteTeamCountry "HUN"]
[BlackTeamCountry "HUN"]

1. e4 d5 2. exd5 Qxd5 3. Nc3 Qd8 4. Nf3 Nf6 5. Bc4 a6 6. a4 e6 7. 0-0 Bd6 8. d3 0-0 9. Bg5 Nbd7 10. Re1 h6 11. Bh4 Be7 12. d4 c6 13. Qe2 Nb6 14. Bb3 Nbd5 15. Nxd5 Nxd5 16. Bg3 Bd6 17. Be5 Nf4 18. Qe4 Ng6 19. c3 c5 20. Bc2 Bxe5 21. dxe5 Qd5 22. Qe3 Ne7 23. Rad1 Qc6 24. Rd6 Qc7 25. Red1 Nd5 26. Qe4 g6 27. Qh4 Kh7 28. c4 Ne7 29. Qf6 Rb8 30. h4 Nf5 31. Rd8 Rxd8 32. Rxd8 Ng7 33. Rf8 1-0

[Event "HUN-chT2 Toth 1213"]
[Site "Hungary"]
[Date "2012.11.18"]
[Round "4.8"]
[White "Visnyei, Illes"]
[Black "Nagy, Jozsef"]
[Result "1-0"]
[WhiteElo "2040"]
[BlackElo "1867"]
[PlyCount "169"]
[EventDate "2012.09.16"]
[EventType "team-tourn"]
[EventRounds "11"]
[EventCountry "HUN"]
[SourceTitle "EXT 2014"]
[Source "ChessBase"]
[SourceDate "2013.11.20"]
[SourceVersion "1"]
[SourceVersionDate "2013.11.20"]
[SourceQuality "1"]
[WhiteTeam "Bekes"]
[BlackTeam "Felegyhaza Csongrad"]
[WhiteTeamCountry "HUN"]
[BlackTeamCountry "HUN"]

1. e4 d5 2. exd5 Qxd5 3. Nc3 Qa5 4. Nf3 Bg4 5. Be2 Nf6 6. 0-0 e6 7. d3 c6 8. h3 Bxf3 9. Bxf3 Bd6 10. Re1 Nbd7 11. d4 0-0 12. Ne4 Nxe4 13. Bxe4 Nf6 14. Bd3 Rad8 15. c3 Qc7 16. Bg5 Be7 17. Qf3 Rfe8 18. Rad1 Nd5 19. Bxe7 Qxe7 20. Qe4 Nf6 21. Qh4 g6 22. Bc2 Kg7 23. f4 Nd5 24. Qf2 Qc7 25. Re4 Nf6 26. Re5 b6 27. Rde1 Rd5 28. Qh4 Rxe5 29. fxe5 Ng8 30. Qe4 Rd8 31. c4 Qd7 32. Rd1 Ne7 33. g4 Rh8 34. Qf3 h5 35. Qf6+ Kg8 36. g5 Rh7 37. Qf3 Qc7 38. Qe4 h4 39. b3 Rh5 40. Qf4 Qd8 41. Qf6 Qd7 42. Kh2 Kf8 43. Qf4 Qd8 44. Rg1 Nf5 45. Bxf5 exf5 46. Qe3 Kg7 47. Rg2 Kf8 48. Kg1 Kg7 49. Kf2 Qd7 50. Ke2 Qe6 51. Qf4 Qd7 52. Kf3 Qe6 53. Qd2 f4 54. Rg4 Qf5 55. Qxf4 Qd3+ 56. Kg2 Qf5 57. Qxf5 gxf5 58. Rf4 Rxg5+ 59. Kf2 Rh5 60. d5 cxd5 61. cxd5 Kf8 62. Ke3 Ke7 63. Rc4 Kd7 64. Kf4 b5 65. Rc5 a6 66. Rc6 a5 67. Ra6 a4 68. bxa4 bxa4 69. Rxa4 Rh6 70. Ra7+ Ke8 71. d6 Rg6 72. Re7+ Kf8 73. Rb7 Ke8 74. Kxf5 Rg3 75. Rb3 Rg2 76. a3 Rg3 77. Rb8+ Kd7 78. Kf6 Rxh3 79. Kxf7 Rf3+ 80. Kg6 Rxa3 81. Rb7+ Kd8 82. Kf6 Ra6 83. Ke6 Ra8 84. Rh7 Kc8 85. Rh8+ 1-0

[Event "HUN-chT2 Toth 1213"]
[Site "Hungary"]
[Date "2012.10.07"]
[Round "2.7"]
[White "Kovacs, Arthur"]
[Black "Visnyei, Illes"]
[Result "1-0"]
[WhiteElo "2025"]
[BlackElo "2040"]
[PlyCount "113"]
[EventDate "2012.09.16"]
[EventType "team-tourn"]
[EventRounds "11"]
[EventCountry "HUN"]
[SourceTitle "EXT 2014"]
[Source "ChessBase"]
[SourceDate "2013.11.20"]
[SourceVersion "1"]
[SourceVersionDate "2013.11.20"]
[SourceQuality "1"]
[WhiteTeam "Mako II"]
[BlackTeam "Bekes"]
[WhiteTeamCountry "HUN"]
[BlackTeamCountry "HUN"]

1. d4 d5 2. Nf3 e6 3. c4 c6 4. cxd5 exd5 5. Nc3 Bd6 6. Bg5 Qb6 7. Qd2 Bf5 8. e3 Nd7 9. Na4 Qc7 10. Bd3 Bxd3 11. Qxd3 Ngf6 12. Nc3 h6 13. Bh4 0-0 14. 0-0 Rae8 15. Bg3 Bxg3 16. hxg3 Ne4 17. Qc2 Qd6 18. Nxe4 dxe4 19. Nd2 Nf6 20. Rac1 Re6 21. Qc5 Qb8 22. Qf5 Rfe8 23. a3 Nd5 24. b4 a6 25. Nc4 g6 26. Qg4 Kg7 27. Ne5 Ne7 28. Qxe4 f6 29. Qg4 Qd6 30. Nd3 Nd5 31. Nf4 Nxf4 32. Qxf4 Qd7 33. Rfd1 Re4 34. Qf3 h5 35. Rc5 Qe6 36. d5 cxd5 37. Rcxd5 f5 38. Qe2 h4 39. Qb2+ Kh6 40. gxh4 Rxh4 41. Rd7 Re7 42. Qh8+ Kg5 43. Qd8 Rhh7 44. Rxb7 Kh6 45. Rxe7 Rxe7 46. Qd6 Qb3 47. Qd3 Qa4 48. Qd4 Qe8 49. Qd8 Qa4 50. Qh8+ Rh7 51. Qd4 Kh5 52. g3 g5 53. Kg2 Qe8 54. Rh1+ Kg6 55. Qd6+ Kg7 56. Qc7+ Kf6 57. Rxh7 1-0

[Event "HUN-chT2 Toth 1112"]
[Site "Hungary"]
[Date "2012.03.11"]
[Round "7.7"]
[White "Visnyei, Illes"]
[Black "Szili, Istvan"]
[Result "1-0"]
[WhiteElo "2063"]
[BlackElo "1984"]
[PlyCount "95"]
[EventDate "2011.09.25"]
[EventType "team-tourn"]
[EventRounds "11"]
[EventCountry "HUN"]
[SourceTitle "EXT 2013"]
[Source "ChessBase"]
[SourceDate "2012.11.22"]
[SourceVersion "1"]
[SourceVersionDate "2012.11.22"]
[SourceQuality "1"]
[WhiteTeam "Bekes"]
[BlackTeam "Takisz"]
[WhiteTeamCountry "HUN"]
[BlackTeamCountry "HUN"]

1. d4 e6 2. e3 c5 3. c3 Nf6 4. Bd3 d5 5. f4 Ne4 6. Nf3 Bd6 7. 0-0 0-0 8. Nbd2 f5 9. Ne5 Nc6 10. Nxe4 fxe4 11. Be2 Bxe5 12. fxe5 Rxf1+ 13. Bxf1 Qg5 14. Bd2 Bd7 15. b4 b6 16. bxc5 bxc5 17. Rb1 Rb8 18. Rxb8+ Nxb8 19. Qb1 Nc6 20. Qb7 Qd8 21. Bb5 Nb8 22. Bxd7 Nxd7 23. Qxa7 Qc8 24. a4 cxd4 25. cxd4 Qc2 26. Qa5 Nb6 27. Be1 Qe2 28. h4 Qxe3+ 29. Bf2 Qc1+ 30. Kh2 e3 31. Qxb6 exf2 32. Qxe6+ Kf8 33. Qf5+ Ke7 34. Qxf2 Qa1 35. Qd2 Qxa4 36. Qg5+ Kf7 37. e6+ Kxe6 38. Qe5+ Kf7 39. Qxd5+ Kf8 40. Qe5 Qd7 41. h5 Qg4 42. g3 Kf7 43. d5 g5 44. hxg6+ hxg6 45. Qf4+ Qxf4 46. gxf4 Kf6 47. Kg3 Kf5 48. Kh4 1-0

[Event "HUN-chT2 Toth 1112"]
[Site "Hungary"]
[Date "2012.01.29"]
[Round "5.7"]
[White "Visnyei, Illes"]
[Black "Szalaji, Renata"]
[Result "0-1"]
[WhiteElo "2063"]
[BlackElo "1912"]
[PlyCount "60"]
[EventDate "2011.09.25"]
[EventType "team-tourn"]
[EventRounds "11"]
[EventCountry "HUN"]
[SourceTitle "EXT 2013"]
[Source "ChessBase"]
[SourceDate "2012.11.22"]
[SourceVersion "1"]
[SourceVersionDate "2012.11.22"]
[SourceQuality "1"]
[WhiteTeam "Bekes"]
[BlackTeam "Mako"]
[WhiteTeamCountry "HUN"]
[BlackTeamCountry "HUN"]

1. d4 Nf6 2. e3 d5 3. Bd3 e6 4. f4 c5 5. c3 Nc6 6. a3 Bd7 7. Nf3 Be7 8. 0-0 0-0 9. Nbd2 Rc8 10. Ne5 h6 11. Qf3 Qc7 12. b4 cxb4 13. cxb4 Nxe5 14. fxe5 Qc3 15. exf6 Bxf6 16. Qe2 Qxa1 17. Nb3 Qc3 18. Nc5 Rxc5 19. bxc5 Kh8 20. Bb2 Qa5 21. e4 Bc6 22. e5 Bg5 23. Rf2 b6 24. cxb6 axb6 25. g3 Be7 26. Bb1 Bb5 27. Qc2 Qe1+ 28. Kg2 g6 29. Qc7 Bg5 30. Rxf7 Bf1+ 0-1

[Event "HUN-chT2 Toth 1112"]
[Site "Hungary"]
[Date "2011.11.13"]
[Round "3.7"]
[White "Visnyei, Illes"]
[Black "Tamas, Kornel"]
[Result "1/2-1/2"]
[WhiteElo "2063"]
[BlackElo "1953"]
[PlyCount "82"]
[EventDate "2011.09.25"]
[EventType "team-tourn"]
[EventRounds "11"]
[EventCountry "HUN"]
[SourceTitle "EXT 2013"]
[Source "ChessBase"]
[SourceDate "2012.11.22"]
[SourceVersion "1"]
[SourceVersionDate "2012.11.22"]
[SourceQuality "1"]
[WhiteTeam "Bekes"]
[BlackTeam "Gyula"]
[WhiteTeamCountry "HUN"]
[BlackTeamCountry "HUN"]

1. d4 d5 2. e3 Nf6 3. f4 e6 4. Bd3 c5 5. c3 Nbd7 6. a3 Be7 7. Nf3 0-0 8. 0-0 b6 9. Nbd2 Bb7 10. Ne5 Ne4 11. Nxe4 dxe4 12. Be2 f5 13. Nxd7 Qxd7 14. b4 cxd4 15. cxd4 a5 16. b5 Rac8 17. Bb2 Bd5 18. Qa4 Rc7 19. Rac1 Rfc8 20. Rxc7 Rxc7 21. Rc1 Rxc1+ 22. Bxc1 Qc7 23. Bb2 Ba2 24. Qd1 Bd6 25. Qc1 Qxc1+ 26. Bxc1 Bb3 27. Bb2 Kf7 28. Kf2 Ke7 29. Ke1 g5 30. g3 g4 31. Kd2 Kd7 32. Kc3 Bd5 33. Bd1 h5 34. Be2 Be7 35. Bc1 h4 36. Kb2 a4 37. Bd2 Bb3 38. Be1 hxg3 39. hxg3 Kd6 40. Bb4+ Kd7 41. Be1 Kd6 1/2-1/2

[Event "HUN-chT2 Toth 1112"]
[Site "Hungary"]
[Date "2011.10.30"]
[Round "2.7"]
[White "Konya, Laszlo Jr"]
[Black "Visnyei, Illes"]
[Result "0-1"]
[WhiteElo "2126"]
[BlackElo "2063"]
[PlyCount "78"]
[EventDate "2011.09.25"]
[EventType "team-tourn"]
[EventRounds "11"]
[EventCountry "HUN"]
[SourceTitle "EXT 2013"]
[Source "ChessBase"]
[SourceDate "2012.11.22"]
[SourceVersion "1"]
[SourceVersionDate "2012.11.22"]
[SourceQuality "1"]
[WhiteTeam "Karcag"]
[BlackTeam "Bekes"]
[WhiteTeamCountry "HUN"]
[BlackTeamCountry "HUN"]

1. d4 d5 2. c4 e6 3. Nf3 c6 4. Nc3 Nf6 5. e3 Bd6 6. Bd3 Nbd7 7. 0-0 0-0 8. Qc2 h6 9. b3 Re8 10. Bb2 Nf8 11. Ne2 N6d7 12. Rad1 f5 13. Ne5 Nxe5 14. dxe5 Be7 15. g4 g6 16. Kh1 Nh7 17. Rg1 Kf7 18. Rg2 Rg8 19. f4 Bd7 20. c5 b6 21. b4 bxc5 22. bxc5 Qa5 23. Bd4 Rab8 24. Rdg1 Qa3 25. gxf5 exf5 26. Ng3 Be6 27. Nxf5 gxf5 28. Bxf5 Rxg2 29. Bxe6+ Kxe6 30. Qxg2 Kd7 31. Qg4+ Kd8 32. e6 Bxc5 33. Qg8+ Nf8 34. Qf7 Bxd4 35. e7+ Qxe7 36. Qxe7+ Kxe7 37. exd4 Kf6 38. Rc1 Rc8 39. Kg2 Ne6 0-1

[Event "HUN-chT2 Toth 1011"]
[Site "Hungary"]
[Date "2011.05.15"]
[Round "11.8"]
[White "Visnyei, Illes"]
[Black "Csuri, Laszlo"]
[Result "1-0"]
[WhiteElo "2075"]
[BlackElo "2051"]
[PlyCount "92"]
[EventDate "2010.09.12"]
[EventType "team-tourn"]
[EventRounds "11"]
[EventCountry "HUN"]
[SourceTitle "EXT 2012"]
[Source "ChessBase"]
[SourceDate "2011.11.24"]
[SourceVersion "1"]
[SourceVersionDate "2011.11.24"]
[SourceQuality "1"]
[WhiteTeam "Bekes"]
[BlackTeam "Roszke"]
[WhiteTeamCountry "HUN"]
[BlackTeamCountry "HUN"]

1. d4 Nf6 2. e3 d5 3. Bd3 Nc6 4. f4 Nb4 5. Bb5+ c6 6. Ba4 b5 7. Bb3 a5 8. a3 Bg4 9. Nf3 Na6 10. c3 e6 11. Bc2 Bd6 12. 0-0 Ne4 13. Qe1 Bf5 14. Ne5 Bxe5 15. fxe5 Qg5 16. Nd2 0-0 17. Rf4 Nxd2 18. Qxd2 Bxc2 19. Qxc2 Qg6 20. Qe2 f5 21. Bd2 a4 22. Raf1 Ra7 23. e4 Raf7 24. exd5 exd5 25. R1f3 Nc7 26. Rg3 Qe6 27. Qh5 g6 28. Rh4 Rg7 29. Qd1 Rgf7 30. Bh6 Ra8 31. Bg5 Ne8 32. Qd2 Raa7 33. Rh6 Rg7 34. Kf2 Raf7 35. Qf4 Rb7 36. Re3 Rb8 37. h4 Rbb7 38. h5 Rbf7 39. Rh3 Qd7 40. hxg6 Rxg6 41. g3 Rxh6 42. Rxh6 Ng7 43. Rd6 Qa7 44. e6 Rf8 45. Bh6 Qe7 46. Rd7 Qxe6 1-0

[Event "HUN-chT2 Toth 1011"]
[Site "Hungary"]
[Date "2010.10.10"]
[Round "3.9"]
[White "Visnyei, Illes"]
[Black "Tornyai, Jeno"]
[Result "1/2-1/2"]
[WhiteElo "2075"]
[BlackElo "1950"]
[PlyCount "83"]
[EventDate "2010.09.12"]
[EventType "team-tourn"]
[EventRounds "11"]
[EventCountry "HUN"]
[SourceTitle "EXT 2012"]
[Source "ChessBase"]
[SourceDate "2011.11.24"]
[SourceVersion "1"]
[SourceVersionDate "2011.11.24"]
[SourceQuality "1"]
[WhiteTeam "Bekes"]
[BlackTeam "Maroczy II"]
[WhiteTeamCountry "HUN"]
[BlackTeamCountry "HUN"]

1. e4 d5 2. exd5 Nf6 3. d4 Nxd5 4. Nf3 Bg4 5. Be2 Nc6 6. 0-0 e6 7. c3 Bd6 8. Nbd2 0-0 9. Nc4 Nf4 10. Nxd6 Nxe2+ 11. Qxe2 Qxd6 12. h3 Bh5 13. Qe3 Rad8 14. b4 Qd5 15. Re1 Bxf3 16. gxf3 Ne7 17. Bd2 Qh5 18. Kh2 Nf5 19. Qe4 Nh4 20. Re3 e5 21. d5 f5 22. Qxe5 Nxf3+ 23. Rxf3 Qxf3 24. Rg1 Rf7 25. Bh6 g6 26. d6 Qxf2+ 27. Rg2 cxd6 28. Qe6 Qf3 29. Rxg6+ hxg6 30. Qxg6+ Kh8 31. Qxf7 Qe2+ 32. Kh1 Qe4+ 33. Kh2 Qe5+ 34. Kg2 Rg8+ 35. Kf1 f4 36. Bxf4 Qxc3 37. Qh5+ Kg7 38. Qg5+ Kf7 39. Qd5+ Kg7 40. Qg5+ Kf7 41. Qd5+ Kg7 42. Qg5+ 1/2-1/2

[Event "HUN-chT2 Toth 0910"]
[Site "Hungary"]
[Date "2010.02.14"]
[Round "6.10"]
[White "Visnyei, Illes"]
[Black "Botta, Judit"]
[Result "1/2-1/2"]
[WhiteElo "2086"]
[BlackElo "1961"]
[PlyCount "100"]
[EventDate "2009.11.08"]
[EventType "team-tourn"]
[EventRounds "11"]
[EventCountry "HUN"]
[SourceTitle "EXT 2011"]
[Source "ChessBase"]
[SourceDate "2010.11.26"]
[SourceVersion "1"]
[SourceVersionDate "2010.11.26"]
[SourceQuality "1"]
[WhiteTeam "Bekes"]
[BlackTeam "Takisz"]
[WhiteTeamCountry "HUN"]
[BlackTeamCountry "HUN"]

1. e4 e6 2. d4 d5 3. e5 c5 4. c3 Nc6 5. Nf3 Bd7 6. a3 cxd4 7. cxd4 Nge7 8. Nc3 a6 9. Bd3 Ng6 10. 0-0 Be7 11. Be3 0-0 12. b4 b5 13. Ne1 f6 14. Bxg6 hxg6 15. f4 f5 16. Nd3 Kf7 17. Nc5 Bxc5 18. bxc5 Rh8 19. Qf3 Na5 20. Ra2 Nc4 21. Rb1 Bc6 22. Nd1 Qa5 23. Qe2 Rab8 24. h3 Rb7 25. Bf2 Rbb8 26. Be1 Qd8 27. Rb3 Rh6 28. Nb2 Rh8 29. Nd3 a5 30. Bd2 Qh4 31. Ne1 Qd8 32. Nf3 Qd7 33. Qe1 a4 34. Rd3 Rh6 35. Qf2 Rbh8 36. Ne1 Qb7 37. Nc2 Bd7 38. Nb4 Rc8 39. Rg3 Rc7 40. Be1 Na5 41. Rc2 Nc4 42. Rcc3 Rc8 43. Rg5 Rhh8 44. Rcg3 Rh6 45. Rc3 Rhh8 46. Kh2 Rh7 47. g4 Be8 48. Rg3 Na5 49. Qg2 Kf8 50. Bd2 Nc6 1/2-1/2